000 00366nam a2200133 i 4500
001 bg
245 0 _aJIS [Japanese Industrial Standards] hand book - Ferrous materials and metallurgy.
246 0 _aJapanese Industrial Standards hand book
260 _aTokyo,
_c1976.
040 _cBPK
041 _apol
942 _cKS
008 s pl f |000 0 pol
999 _c17038
_d17038
856 _uhttp://koha.tu.koszalin.pl/cgi-bin/koha/opac-detail.pl?biblionumber=17038
_yKatalog online BPK